Teatrinho do Romão (Registo nº 3925)

Detalhes MARC
000 -Etiqueta do registo
Cabeçalho 00817nem0a2200265 4500
005 - Identificador da versão
Campo de controlo 20240813122048.0
095 ## -
-- PTBN00108103
021 ## - Número do Depósito Legal
Código do país PT
Número 18308/87
100 ## - Dados gerais de processamento
Dados gerais de processamento 20170519d1996 m y0pory5003 ba
102 ## - Pais de publicação ou produção
País de publicação Portugal
101 0# - Língua de publicação
Língua do texto, banda sonora, etc. Português
215 ## - Descrição física 
Indicação específica da natureza do documento e extensão da espécie 81, [6] p.
Outras indicações físicas il
200 1# - Titulo e menção de responsabilidade
Título próprio Teatrinho do Romão
Primeira menção de responsabilidade Luísa Dacosta
Outras menções de responsabilidade com il. de Jorge Pinheiro e Manuela Bacelar
210 ## - Publicação, Distribuição, etc. 
Lugar da edição, distribuição, etc. [Porto]
Nome do editor, distribuidor, etc. Figueirinhas
Data da publicação, distribuição, etc. D. L. 1987
Data da impressão imp. 1996
300 ## - Notas gerais 
Texto da nota PNL
606 ## - Nome comum usado como assunto
Número de registo de entrada de autoridade 0001414
Palavra de ordem Literatura portuguesa
Subdivisão de assunto Teatro
Código do sistema CA
675 ## - Classificação Decimal Universal (CDU)
Notação 821.134.3-2
Edição 3ª ed.
Língua da edição por
702 #1 - Nome de autor-pessoa física (responsabilidade secundária)
Número de registo de entrada de autoridade 0000389
Palavra de ordem Pinheiro
Outra parte do nome não tomada para palavra de ordem Jorge
Datas 1931-
Código de função Ilustrador / Técnico de desenho computorizado
Número de registo de entrada de autoridade 0000045
Palavra de ordem Bacelar
Outra parte do nome não tomada para palavra de ordem Manuela
Datas 1943-
Código de função Ilustrador / Técnico de desenho computorizado
700 #1 - Nome de autor-pessoa física (responsabilidade principal)
Número de registo de entrada de autoridade 0001406
Palavra de ordem Dacosta
Outra parte do nome não tomada para palavra de ordem Luísa
Elementos de identificação ou distinção pseud.
Datas 1927-2015
966 ## - Identificação da Biblioteca
Sigla EBVEN
942 ## - Elementos de entrada adicionados (Koha)
Tipo de item no Koha Livro
Exemplares
Situação do levantamento Origin of item (home branch) (coded) Biblioteca de empréstimo Código de barras Cota Circulation type (not for loan) Tipo de documento Nota do exemplar Damaged status
  Biblioteca Escolar das Vendas Biblioteca Escolar das Vendas BEV272 8POR DAC PNL   Livro Sem mensagem